A Kassai királyi főreáltanoda értesitvénye az ... tanévre

Bibliographic Details
New Title:Kassai állami főreáliskola értesitője
Previous Title:Jahres-Bericht der kaiserl. königl. Ober-Realschule in der königlich freien Stadt Kaschau am Schlusse des Schuljahres
Format: Serial
Language:Hungarian
PhysicalDescription:14 zv.
Published: Kassa Werfer Ny. 1863-1876
Subjects:

MARC

LEADER 00000cas a2200000 a 4500
001 vtls010481135
003 SK-MaSNL
005 20260228161211.0
008 130104d18631876xo ar 0 b0hun
040 |a SNK  |b slo  |c SNK  |e AACR2 
041 0 |a hun 
043 |a e-xo--- 
044 |a xo  |c SK 
072 |a 373.5/.6  |x Stredné školy  |2 konspekt 
080 |a 373.5  |2 2011 
080 |a 050  |2 2011 
080 |a (437.672)  |2 2011 
080 |a (047.1)  |2 2011 
245 0 2 |a A Kassai királyi főreáltanoda értesitvénye  |b az ... tanévre 
246 1 3 |a Kassai királyi főreáltanoda értesitvénye 
246 1 3 |a Kassai állami főreáltanoda értesitvénye 
260 |a Kassa  |b Werfer Ny.  |c 1863-1876 
300 |a 14 zv. 
310 |a 1x ročne 
362 0 |a 1862/63-1875/76  |z OSZK/2010 
500 |a Súčasťou názvu je označenie šk. roku 
650 0 7 |a stredné školy  |2 SNKPH  |9 1279 
651 7 |a Košice (Slovensko)  |2 SNKPHgeo  |9 18694 
655 7 |a výročné správy  |2 SNKPH  |9 70580 
752 |a Slovensko  |d Košice 
780 0 0 |t Jahres-Bericht der kaiserl. königl. Ober-Realschule in der königlich freien Stadt Kaschau am Schlusse des Schuljahres 
785 0 0 |t Kassai állami főreáliskola értesitője 
910 |a snk 
999 |c 4650  |d 6580 
952 |0 0  |1 0  |3 Rekatalogizácia  |4 0  |7 0  |8 5  |a SNK  |b SNK  |d 2013-01-04  |i snkF 5370/79  |l 0  |o snkČSC 767/1874-1875 D1  |p 17A1053499  |r 2026-02-21 21:23:33  |w 2026-02-21  |y PREZ 
952 |0 0  |1 0  |3 Rekatalogizácia  |4 0  |7 0  |8 5  |a SNK  |b SNK  |d 2013-01-04  |i snkF 5371/79  |l 0  |o snkČSC 767/1875-1886 D1  |p 17A1053498  |r 2026-02-21 21:23:33  |w 2026-02-21  |y PREZ 
952 |0 0  |1 0  |3 Rekatalogizácia  |4 0  |7 0  |8 3  |a SNK  |b SNK  |d 2013-01-04  |i snkK 1242/73  |l 0  |o snkČSC 767/1876-1877 D1  |p 17A1053573  |r 2026-02-21 21:23:33  |w 2026-02-21  |y PREZ 
952 |0 0  |1 0  |3 Rekatalogizácia  |4 0  |7 0  |8 5  |a SNK  |b SNK  |d 2013-01-04  |i snkF 5373/79  |l 0  |o snkČSC 767/1877-1878 D1  |p 17A1053507  |r 2026-02-21 21:23:33  |w 2026-02-21  |y PREZ 
952 |0 0  |1 0  |3 Rekatalogizácia  |4 0  |7 0  |8 5  |a SNK  |b SNK  |d 2013-01-04  |i snkF 5376/79  |l 0  |o snkČSC 767/1878-1879 D1  |p 17A1053520  |r 2026-02-21 21:23:33  |w 2026-02-21  |y PREZ